| 000 | 00328nam a2200133 a 4500 | ||
|---|---|---|---|
| 001 | 5484 | ||
| 003 | CDMR | ||
| 005 | 20130116135309.0 | ||
| 008 | 130130s1979||||||||||||||||||||||||||||d | ||
| 040 |
_aCDMR _bcat _cCDMR |
||
| 245 | 0 | _aProjecte d'Estatut d'Autonomia de Catalunya | |
| 260 |
_c1979 _bGeneralitat de Catalunya |
||
| 942 | _cMON | ||
| 999 |
_c5484 _d5484 |
||